El vergonzoso en palacio y el burlador de Sevilla y convidado de piedra
Guardado en:
| Hovedforfatter: | |
|---|---|
| Format: | Bog |
| Sprog: | Undetermined |
| Udgivet: |
Madrid, España
Espasa-Calpe
1961
|
| Udgivelse: | 6 |
| Fag: | |
| Tags: |
Tilføj Tag
Ingen Tags, Vær først til at tagge denne postø!
|
MARC
| LEADER | 00000nam a2200000Ia 4500 | ||
|---|---|---|---|
| 008 | 170316s9999 xx 000 0 und d | ||
| 040 | |a cru BVZT | ||
| 090 | |a 862 M-45ve | ||
| 100 | |a Molina, Tirso de | ||
| 245 | |a El vergonzoso en palacio y el burlador de Sevilla y convidado de piedra | ||
| 250 | |a 6 | ||
| 260 | |a Madrid, España | ||
| 260 | |b Espasa-Calpe | ||
| 260 | |c 1961 | ||
| 300 | |a 244 páginas | ||
| 650 | |a LITERATURA ESPAÑOLA | ||
| 942 | |c 4 D | ||
| 999 | |c 10181 |d 10181 | ||
